Kto strzelił przynajmniej 2 bramki w grupie w Lidze Mistrzów - Statystyki

Ogólne statystyki
  • Ten quiz został rozwiązany 135 razy
  • Średni wynik to 23 z 66
Statystyki odpowiedzi
Klub Bramki Odpowiedź % Poprawnych
Bayern 10 Robert Lewandowski
98%
PSG 5 Kylian Mbappe
93%
Tottenham 6 Harry Kane
91%
Barcelona 2 Lionel Messi
87%
Real Madryt 4 Karim Benzema
85%
Liverpool 4 Mohamed Salah
82%
Man City 2 Sergio Aguero
81%
Tottenham 5 Heung-Min Son
79%
Juventus 2 Cristiano Ronaldo
78%
Salzburg 8 Erling Haaland
70%
Liverpool 2 Sadio Mane
67%
Inter 5 Lautaro Martinez
66%
Inter 2 Romelu Lukaku
64%
Man City 5 Raheem Sterling
63%
Napoli 5 Dries Mertens
61%
Bayern 4 Serge Gnabry
61%
Bayern 2 Thomas Mueller
59%
Barcelona 3 Luis Suarez
55%
Lyon 5 Memphis Depay
54%
Napoli 3 Arkadiusz MIlik
51%
RB Lipsk 3 Timo Werner
49%
PSG 2 Angel Di Maria
46%
Man City 4 Gabriel Jesus
46%
Juventus 3 Paulo Dybala
44%
PSG 5 Mauro Icardi
40%
Bayern 2 Kingsley Coman
38%
Atletico 2 Alvaro Morata
37%
Real Madryt 2 Sergio Ramos
37%
Dortmund 2 Jadon Sancho
35%
Real Madryt 4 Rodrygo
32%
Dinamo Zagrzeb 4 Mislav Orsic
31%
Ajax 2 Hakim Ziyech
30%
Man City 2 Ilkay Gundogan
24%
Man City 2 Phil Foden
24%
RB Lipsk 2 Marcel Sabitzer
20%
Atletico 2 Joao Felix
19%
Chelsea 2 Tammy Abraham
19%
Dinamo Zagrzeb 2 Dani Olmo
18%
Salzburg 2 Takumi Minamino
18%
Lille 2 Victor Osimhen
18%
RB Lipsk 3 Emil Forsberg
17%
Juventus 2 Gonzalo Higuain
14%
Ajax 2 Donny van de Beek
13%
Valencia 2 Rodrigo
13%
Zenit 2 Artem Dzyuba
12%
Benfica 3 Pizzi
12%
Ajax 4 Quincy Promes
12%
Olympiakos 3 Youseff El Arabi
12%
Dortmund 2 Julian Brandt
11%
Chelsea 2 Jorginho
10%
Dortmund 4 Achraf Hakimi
7%
Bayern 2 Corentin Tolisso
7%
Benfica 2 Haris Seferović
7%
Lokomotiv 2 Aleksey Miranchuk
6%
PSG 2 Pablo Sarabia
6%
Slavia Praga 2 Tomas Soucek
6%
Chelsea 2 Cesar Azpilicueta
5%
Club Brugge 2 Emmanuel Dennis
5%
Zenit 2 Sardar Azmoun
5%
Salzburg 3 Hee-Chan Hwang
4%
Szachtar 2 Junior Moraes
4%
Liverpool 3 Alex Oxlade-Chamberlain
3%
Atalanta 2 Mario Pasalic
3%
Genk 3 Mbwana Samata
3%
Olympiakos 2 Ruben Semedo
1%
Szachtar 2 Manor Solomon
0%
Nie znaleziono quizów pasujących do podanych kryteriów
Rozkład punktacji
Procent ludzi z każdym wynikiem
Percentyl według liczby udzielonych odpowiedzi
Twoja historia wyników
Nie rozwiązałeś tego quizu